Principles and applications of soil microbiology / (Record no. 19032)

000 -LEADER
fixed length control field 00414pam a2200145 a 4500
020 ## - INTERNATIONAL STANDARD BOOK NUMBER
ISBN 0134599918
040 ## - CATALOGING SOURCE
Transcribing agency DLC
082 00 - DEWEY DECIMAL CLASSIFICATION NUMBER
Classification number 579 PRI 1998 C158 Or.
245 00 - TITLE STATEMENT
Title Principles and applications of soil microbiology /
260 ## - PUBLICATION, DISTRIBUTION, ETC. (IMPRINT)
Place of publication Upper Saddle River, N.J. :
Name of publisher Prentice Hall,
Year of publication c1998.
300 ## - PHYSICAL DESCRIPTION
Number of Pages xxii, 550 p. :
Other physical details ill., maps ;
Dimensions 25 cm.
650 #0 - SUBJECT ADDED ENTRY--TOPICAL TERM
Topical Term Soil microbiology.
700 1# - ADDED ENTRY--PERSONAL NAME
Personal name Sylvia, D. M.
942 ## - ADDED ENTRY ELEMENTS (KOHA)
Koha item type ADB
952 ## - LOCATION AND ITEM INFORMATION (KOHA)
Withdrawn status [LOCAL, KOHA] 0
Holdings
Koha item type Source of acquisition Lost status Permanent Location Current Location Date acquired Full call number
សៀវភៅភាសាអង់គ្លេសA35454 Library Block CLibrary Block C2020-03-02579 PRI 1998 C158 Or.
មជ្ឈមណ្ឌលឯការនៃសាកលវិទ្យាល័យភូមិន្ទកសិកម្មចំការដូង

Powered by Koha